[Event "28. Torneo San Viator 2017 - Torneo B"]
[Site "Madrid ESP"]
[Date "2017.04.02"]
[Round "2.37"]
[White "San Felipe Gonzalez, Tomas"]
[Black "Martin Rodriguez, Jose Luis"]
[Result "1-0"]
[WhiteElo "1691"]
[BlackElo "1320"]
[PlyCount "81"]
[EventDate "2017.03.26"]
[EventType "swiss"]
[EventRounds "9"]
[EventCountry "ESP"]
[SourceTitle "Ajedrez en Madrid"]
[Source "lmi"]
[SourceDate "2017.03.26"]
[SourceVersion "1"]
[SourceVersionDate "2017.04.10"]
[SourceQuality "1"]

1. d4 Nf6 2. c4 e6 3. Nf3 Bb4+ 4. Bd2 Qe7 5. Nc3 d5 6. e3 c5 7. a3 Bxc3 8. bxc3
Ne4 9. Bd3 Nxd2 10. Qxd2 dxc4 11. Bxc4 O-O 12. O-O b6 13. Rfb1 Bb7 14. Qe2 Nd7
15. Rb2 Nf6 16. a4 Ne4 17. Rb3 Qf6 18. Ne5 Qg5 19. f3 Nd6 20. f4 Qe7 21. Bd3 f6
22. Nf3 Bxf3 23. gxf3 Rac8 24. Rb2 c4 25. Bc2 Qc7 26. Qg2 Nf5 27. Qh3 g6 28.
Kf2 Qe7 29. Rb4 Rf7 30. Be4 Nd6 31. Bc2 f5 32. Rg1 Rg7 33. Rbb1 g5 34. fxg5
Rxg5 35. Rxg5+ Qxg5 36. Rg1 Qxg1+ 37. Kxg1 Rc7 38. Kf2 Rg7 39. Qh4 Nf7 40. Qe7
Ng5 41. Qe8# 1-0

[Event "28. Torneo San Viator 2017 - Torneo B"]
[Site "Madrid ESP"]
[Date "2017.04.02"]
[Round "2.38"]
[White "Gallego Romero, Manuel"]
[Black "Lopez Herrero, Israel"]
[Result "1-0"]
[WhiteElo "1486"]
[BlackElo "1302"]
[PlyCount "57"]
[EventDate "2017.03.26"]
[EventType "swiss"]
[EventRounds "9"]
[EventCountry "ESP"]
[SourceTitle "Ajedrez en Madrid"]
[Source "lmi"]
[SourceDate "2017.03.26"]
[SourceVersion "1"]
[SourceVersionDate "2017.04.10"]
[SourceQuality "1"]

1. e4 e5 2. Bc4 Nf6 3. d3 Bc5 4. Nc3 d6 5. h3 Be6 6. Bxe6 fxe6 7. Nf3 O-O 8.
O-O d5 9. Nxe5 c6 10. Nf3 Nbd7 11. d4 dxe4 12. Ng5 Bd6 13. Nxe6 Qb8 14. Nxf8
Nxf8 15. Bg5 N8d7 16. Re1 Qe8 17. Ne2 Qg6 18. Bxf6 Nxf6 19. c3 Rf8 20. Qb3+ Kh8
21. Qe6 Bc7 22. Qe7 Rf7 23. Qe6 Rf8 24. Ng3 Re8 25. Qf5 Qh6 26. Nxe4 Nd5 27.
Ng5 Nf6 28. Rxe8+ Ng8 29. Nf7# 1-0

[Event "28. Torneo San Viator 2017 - Torneo B"]
[Site "Madrid ESP"]
[Date "2017.04.02"]
[Round "2.39"]
[White "Jarne Anguita, Miguel"]
[Black "Mora Gonzalez-Rojas, Francisco"]
[Result "1-0"]
[WhiteElo "1463"]
[BlackElo "1294"]
[PlyCount "133"]
[EventDate "2017.03.26"]
[EventType "swiss"]
[EventRounds "9"]
[EventCountry "ESP"]
[SourceTitle "Ajedrez en Madrid"]
[Source "lmi"]
[SourceDate "2017.03.26"]
[SourceVersion "1"]
[SourceVersionDate "2017.04.10"]
[SourceQuality "1"]

1. d4 d5 2. Nf3 Nc6 3. e3 Bg4 4. Be2 e6 5. O-O Bd6 6. Nbd2 Bxf3 7. Nxf3 Nf6 8.
b3 Ne4 9. Bb2 O-O 10. c4 Be7 11. Rc1 h6 12. Qc2 Bf6 13. cxd5 exd5 14. Bb5 Qd7
15. Bxc6 Qxc6 16. Qxc6 bxc6 17. Rxc6 Rac8 18. Ne5 Bxe5 19. dxe5 Rfd8 20. Ra6
Ra8 21. Bd4 c6 22. Rxc6 Ng5 23. Rfc1 Ne6 24. Ra6 Nxd4 25. exd4 Rdc8 26. Rcc6
Rxc6 27. Rxc6 Kf8 28. g3 Ke7 29. Rd6 Rc8 30. Rxd5 Ke6 31. Rd6+ Ke7 32. Kg2 f6
33. Rb6 fxe5 34. dxe5 Kf8 35. Kf3 Ke8 36. Kg4 Kf7 37. Kf5 a5 38. e6+ Kf8 39.
Rb7 Re8 40. e7+ Rxe7 41. Rxe7 Kxe7 42. a3 Kf7 43. b4 g6+ 44. Ke5 axb4 45. axb4
Ke7 46. b5 Kd7 47. Kf6 g5 48. Kg6 Kc7 49. Kxh6 g4 50. Kh5 Kb6 51. Kxg4 Kxb5 52.
h4 Kc6 53. h5 Kd7 54. h6 Ke7 55. h7 Kf7 56. h8=Q Ke6 57. Qh5 Ke7 58. Qh6 Kd7
59. Qf6 Kc7 60. Qe6 Kd8 61. Qf7 Kc8 62. Kf5 Kb8 63. Qd7 Ka8 64. Ke6 Kb8 65. Kd6
Ka8 66. Kc6 Kb8 67. Qb7# 1-0

[Event "28. Torneo San Viator 2017 - Torneo B"]
[Site "Madrid ESP"]
[Date "2017.04.02"]
[Round "2.40"]
[White "Baranco Gonzalez, Nicolas"]
[Black "Rojo Jorge, Luis"]
[Result "1-0"]
[WhiteElo "1303"]
[BlackElo "1461"]
[PlyCount "63"]
[EventDate "2017.03.26"]
[EventType "swiss"]
[EventRounds "9"]
[EventCountry "ESP"]
[SourceTitle "Ajedrez en Madrid"]
[Source "lmi"]
[SourceDate "2017.03.26"]
[SourceVersion "1"]
[SourceVersionDate "2017.04.10"]
[SourceQuality "1"]

1. e4 e5 2. Nf3 Nc6 3. Bb5 Bc5 4. O-O d6 5. h3 Bd7 6. Nc3 Nf6 7. d3 Nd4 8.
Bxd7+ Qxd7 9. Nxd4 Bxd4 10. Nd5 Nxd5 11. exd5 O-O 12. c3 Bb6 13. Be3 Qb5 14.
Bxb6 axb6 15. c4 Qxb2 16. Qb3 Rxa2 17. Qxa2 Qd4 18. Qd2 c6 19. Qe3 Qb2 20. Rab1
Qc2 21. Rfc1 Qa2 22. dxc6 bxc6 23. Qxb6 Qa8 24. Qb7 Qa3 25. Qxc6 Qxd3 26. Qd5
Qg6 27. Rd1 h6 28. Qxd6 f6 29. c5 Qc2 30. c6 Ra8 31. Rbc1 Qb2 32. c7 1-0

[Event "28. Torneo San Viator 2017 - Torneo B"]
[Site "Madrid ESP"]
[Date "2017.04.02"]
[Round "2.41"]
[White "Gonzalez Garcia, Francisco Javie"]
[Black "Rodriguez Munoz, Jesus"]
[Result "0-1"]
[WhiteElo "1449"]
[BlackElo "1211"]
[PlyCount "46"]
[EventDate "2017.03.26"]
[EventType "swiss"]
[EventRounds "9"]
[EventCountry "ESP"]
[SourceTitle "Ajedrez en Madrid"]
[Source "lmi"]
[SourceDate "2017.03.26"]
[SourceVersion "1"]
[SourceVersionDate "2017.04.10"]
[SourceQuality "1"]

1. d4 Nf6 2. Nf3 e6 3. c4 d5 4. Bg5 c6 5. c5 b6 6. Qc2 Ba6 7. Nbd2 Be7 8. b4
Nbd7 9. e3 Bxf1 10. Nxf1 O-O 11. N1d2 a5 12. Qa4 b5 13. Qb3 axb4 14. Qxb4 Ra4
15. Qb2 Qb8 16. O-O Bd8 17. Bf4 Bc7 18. Ne5 Nxe5 19. dxe5 Ng4 20. Nf3 f6 21.
Nd4 Bxe5 22. Bxe5 Qxe5 23. Nf3 Qxb2 0-1

[Event "28. Torneo San Viator 2017 - Torneo B"]
[Site "Madrid ESP"]
[Date "2017.04.02"]
[Round "2.42"]
[White "Munoz Munoz, Pablo II"]
[Black "Lantero Machieraldo, Hugo"]
[Result "1-0"]
[WhiteElo "1440"]
[BlackElo "1110"]
[PlyCount "55"]
[EventDate "2017.03.26"]
[EventType "swiss"]
[EventRounds "9"]
[EventCountry "ESP"]
[SourceTitle "Ajedrez en Madrid"]
[Source "lmi"]
[SourceDate "2017.03.26"]
[SourceVersion "1"]
[SourceVersionDate "2017.04.10"]
[SourceQuality "1"]

1. d4 d5 2. c4 e6 3. cxd5 exd5 4. Nc3 Nf6 5. Bg5 Be7 6. Nf3 O-O 7. e3 a6 8. Qc2
b5 9. a3 b4 10. axb4 Bxb4 11. Bd3 Nbd7 12. Bxh7+ Kh8 13. Bd3 Bb7 14. O-O c5 15.
Qb3 Bxc3 16. bxc3 Rb8 17. Qa3 c4 18. Bf5 Qc7 19. Bf4 Qc8 20. Bxb8 Qxb8 21. Rfb1
g6 22. Bxd7 Nxd7 23. Qb2 Kg7 24. Qxb7 Qd6 25. Rxa6 Qe7 26. Ra7 Rb8 27. Qxb8 Qe4
28. Rxd7 1-0

[Event "28. Torneo San Viator 2017 - Torneo B"]
[Site "Madrid ESP"]
[Date "2017.04.02"]
[Round "2.43"]
[White "Lopez Martin, Israel"]
[Black "Martin Fernandez, Ignacio"]
[Result "1-0"]
[WhiteElo "1431"]
[BlackElo "1552"]
[PlyCount "53"]
[EventDate "2017.03.26"]
[EventType "swiss"]
[EventRounds "9"]
[EventCountry "ESP"]
[SourceTitle "Ajedrez en Madrid"]
[Source "lmi"]
[SourceDate "2017.03.26"]
[SourceVersion "1"]
[SourceVersionDate "2017.04.10"]
[SourceQuality "1"]

1. e4 c5 2. Nf3 d6 3. c3 g6 4. Bc4 Bg7 5. d4 Nd7 6. O-O e6 7. Re1 Ne7 8. e5
dxe5 9. dxe5 O-O 10. Bg5 Re8 11. Qd2 Qc7 12. Qf4 Nc6 13. Bh6 Bh8 14. Ng5 Ndxe5
15. Nd2 Qe7 16. Ngf3 Nxc4 17. Nxc4 b5 18. Nd6 Rd8 19. Rad1 Ba6 20. Ng5 Qf6 21.
Qxf6 Bxf6 22. Ngxf7 Rd7 23. Rxe6 Be7 24. Rde1 Bxd6 25. Nxd6 Rad8 26. Re8+ Rxe8
27. Rxe8# 1-0

[Event "28. Torneo San Viator 2017 - Torneo B"]
[Site "Madrid ESP"]
[Date "2017.04.02"]
[Round "2.44"]
[White "Alvarez Garcia, Jose Javier"]
[Black "Fernandez De Los Muros, Angel"]
[Result "0-1"]
[WhiteElo "1300"]
[BlackElo "1423"]
[PlyCount "72"]
[EventDate "2017.03.26"]
[EventType "swiss"]
[EventRounds "9"]
[EventCountry "ESP"]
[SourceTitle "Ajedrez en Madrid"]
[Source "lmi"]
[SourceDate "2017.03.26"]
[SourceVersion "1"]
[SourceVersionDate "2017.04.10"]
[SourceQuality "1"]

1. e4 c5 2. Nf3 d6 3. Bc4 e6 4. d4 cxd4 5. e5 Qc7 6. Bb5+ Bd7 7. Bxd7+ Nxd7 8.
exd6 Bxd6 9. Nxd4 a6 10. g3 Bc5 11. Be3 Ngf6 12. Nd2 Qb6 13. N2b3 Rc8 14. c3
O-O 15. O-O Rfd8 16. Re1 Ne5 17. Bg5 Ned7 18. Qf3 Re8 19. Rab1 e5 20. Bxf6 Nxf6
21. Nf5 e4 22. Qe2 Re5 23. Nfd4 Rg5 24. h3 Bd6 25. Kg2 Nh5 26. Qxe4 Nf6 27. Qd3
Qc7 28. Re3 Nh5 29. Rbe1 Nf4+ 30. Kh2 Nxd3 31. Re8+ Rxe8 32. Rxe8+ Bf8 33. f4
Nxf4 34. Nf3 Rg6 35. Ne5 Qb6 36. Nxg6 Qf2+ 0-1

[Event "28. Torneo San Viator 2017 - Torneo B"]
[Site "Madrid ESP"]
[Date "2017.04.02"]
[Round "2.45"]
[White "Perez Ramos, Miguel Angel"]
[Black "Rojo Jorge, Angel"]
[Result "0-1"]
[WhiteElo "1169"]
[BlackElo "1416"]
[PlyCount "50"]
[EventDate "2017.03.26"]
[EventType "swiss"]
[EventRounds "9"]
[EventCountry "ESP"]
[SourceTitle "Ajedrez en Madrid"]
[Source "lmi"]
[SourceDate "2017.03.26"]
[SourceVersion "1"]
[SourceVersionDate "2017.04.10"]
[SourceQuality "1"]

1. e4 c5 2. Nf3 g6 3. Bc4 Bg7 4. c3 Nc6 5. d4 cxd4 6. cxd4 e6 7. a3 d5 8. exd5
exd5 9. Qe2+ Qe7 10. Qxe7+ Ngxe7 11. Bb5 O-O 12. Be3 Nf5 13. O-O Ncxd4 14. Bxd4
Nxd4 15. Nxd4 Bxd4 16. Nc3 Be6 17. Rad1 Bxc3 18. bxc3 Rac8 19. Rc1 Rc5 20. a4
Rfc8 21. c4 a6 22. cxd5 Rxc1 23. dxe6 axb5 24. e7 Rxf1+ 25. Kxf1 bxa4 0-1

[Event "28. Torneo San Viator 2017 - Torneo B"]
[Site "Madrid ESP"]
[Date "2017.04.09"]
[Round "3.1"]
[White "Castro Uceda, Jose Antonio"]
[Black "Arce Escobedo, Julio"]
[Result "1/2-1/2"]
[WhiteElo "1534"]
[BlackElo "1642"]
[PlyCount "47"]
[EventDate "2017.03.26"]
[EventType "swiss"]
[EventRounds "9"]
[EventCountry "ESP"]
[SourceTitle "Ajedrez en Madrid"]
[Source "lmi"]
[SourceDate "2017.03.26"]

1. e4 c5 2. Nf3 d6 3. d4 cxd4 4. Qxd4 Nc6 5. Bb5 Bd7 6. Bxc6 Bxc6 7. c4 Nf6 8.
Nc3 g6 9. O-O Bg7 10. Qd3 O-O 11. Re1 Rc8 12. Rb1 Nd7 13. Be3 b6 14. Bd4 Ne5
15. Bxe5 dxe5 16. Rbd1 Qc7 17. Qe3 Rfd8 18. b3 Rxd1 19. Rxd1 Rd8 20. Rxd8+ Qxd8
21. h3 Qd6 22. Nd5 e6 23. Nc3 h5 24. Kh1 1/2-1/2

[Event "28. Torneo San Viator 2017 - Torneo B"]
[Site "Madrid ESP"]
[Date "2017.04.09"]
[Round "3.2"]
[White "Marcelo De La Mata, Daniel"]
[Black "Carrasco Coquillat, Alvaro"]
[Result "0-1"]
[WhiteElo "1630"]
[BlackElo "1505"]
[PlyCount "76"]
[EventDate "2017.03.26"]
[EventType "swiss"]
[EventRounds "9"]
[EventCountry "ESP"]
[SourceTitle "Ajedrez en Madrid"]
[Source "lmi"]
[SourceDate "2017.03.26"]

1. e4 g6 2. Bc4 Bg7 3. c3 d6 4. d4 Nf6 5. Qc2 O-O 6. Nf3 Nbd7 7. O-O e5 8. Be3
Re8 9. Nbd2 a6 10. Ng5 Re7 11. Rad1 h6 12. Ngf3 b5 13. Bb3 Bb7 14. d5 Rc8 15.
a4 c5 16. axb5 axb5 17. c4 b4 18. Ra1 Ra8 19. h3 Re8 20. Ba4 Rf8 21. Bxd7 Qxd7
22. Nb3 Qc7 23. Qd2 Kh7 24. g4 Nxe4 25. Qd3 f5 26. gxf5 gxf5 27. Nh4 Qd7 28.
Kh2 Bf6 29. f3 Bxh4 30. fxe4 f4 31. Rxa8 Bg3+ 32. Kg2 Rxa8 33. Bf2 Rg8 34. Nd2
Rg6 35. Rh1 Qg7 36. Nf3 Bxf2+ 37. Kxf2 Rg2+ 38. Kf1 Qg3 0-1

[Event "28. Torneo San Viator 2017 - Torneo B"]
[Site "Madrid ESP"]
[Date "2017.04.09"]
[Round "3.3"]
[White "Comeron Galan, Daniel"]
[Black "Arias Cusio, Oscar"]
[Result "1/2-1/2"]
[WhiteElo "1494"]
[BlackElo "1606"]
[PlyCount "140"]
[EventDate "2017.03.26"]
[EventType "swiss"]
[EventRounds "9"]
[EventCountry "ESP"]
[SourceTitle "Ajedrez en Madrid"]
[Source "lmi"]
[SourceDate "2017.03.26"]

1. d4 Nf6 2. Bf4 d6 3. h3 Bf5 4. Nf3 Nc6 5. a3 h6 6. e3 e6 7. c4 Ne7 8. Nc3 Ng6
9. Bh2 Be4 10. Nxe4 Nxe4 11. Bd3 f5 12. Qc2 Nf6 13. b4 Be7 14. c5 O-O 15. O-O
Qd7 16. Rfc1 c6 17. a4 Nd5 18. Qb3 Nh4 19. Nxh4 Bxh4 20. Bxd6 Rf7 21. Bc4 Qd8
22. Bxd5 exd5 23. g3 Be7 24. Bxe7 Qxe7 25. b5 h5 26. bxc6 bxc6 27. Rc2 h4 28.
Kh2 Re8 29. Rc3 Qe4 30. Qb1 Qf3 31. Qf1 Rb7 32. Qg2 Qe2 33. Qf1 Qb2 34. Rca3
Qc2 35. Rc1 Qb2 36. Rca1 Qb4 37. Qa6 hxg3+ 38. Kxg3 Re6 39. Qd3 Rg6+ 40. Kh2
Rf7 41. Rb3 Qa5 42. Rb8+ Kh7 43. Rab1 f4 44. Rh8+ Kxh8 45. Qxg6 Qc7 46. Qd6 Qa5
47. Rb8+ Kh7 48. Qe5 Kg6 49. exf4 Rf5 50. Qe6+ Rf6 51. Qg4+ Kh7 52. Qh5+ Rh6
53. Qf5+ Rg6 54. Qf8 Rf6 55. Qh8+ Kg6 56. Rb7 Qd2 57. Qxg7+ Kf5 58. Qg5+ Ke4
59. Qe5+ Kf3 60. Rb3+ Kxf2 61. Rg3 Qxf4 62. Qxf4+ Rxf4 63. Rg4 Rf7 64. Rg6 Ke3
65. Rg4 Rf2+ 66. Kg3 Rf3+ 67. Kh4 Rf7 68. Kg5 Rh7 69. h4 Kf3 70. Rf4+ Kg3
1/2-1/2

[Event "28. Torneo San Viator 2017 - Torneo B"]
[Site "Madrid ESP"]
[Date "2017.04.09"]
[Round "3.4"]
[White "Alberti Jimenez, Bernardo"]
[Black "Fernandez Lopez, Jaime"]
[Result "0-1"]
[WhiteElo "1489"]
[BlackElo "1601"]
[PlyCount "142"]
[EventDate "2017.03.26"]
[EventType "swiss"]
[EventRounds "9"]
[EventCountry "ESP"]
[SourceTitle "Ajedrez en Madrid"]
[Source "lmi"]
[SourceDate "2017.03.26"]

1. e4 g6 2. d4 Bg7 3. Nc3 d6 4. Be3 c6 5. Qd2 b5 6. f3 Nd7 7. g4 Nb6 8. h4 h5
9. g5 a5 10. Nh3 e6 11. Qf2 d5 12. e5 Ne7 13. Bd3 Nc4 14. Bc1 Qc7 15. Nd1 O-O
16. b3 Nb6 17. Ne3 Bb7 18. c3 c5 19. Bd2 c4 20. Bc2 Nc6 21. O-O b4 22. Nf4 Ba6
23. Rfc1 Qd7 24. Neg2 Rfc8 25. Nxh5 gxh5 26. Nf4 bxc3 27. Bxc3 Nb4 28. Bxb4
axb4 29. Nxh5 cxb3 30. axb3 Kf8 31. Nf6 Qb5 32. Rab1 Ke7 33. Kg2 Bxf6 34. exf6+
Kd7 35. Kg3 Qe2 36. h5 Qxf2+ 37. Kxf2 Rh8 38. h6 Kd6 39. f4 Nd7 40. Rh1 Bb5 41.
Rb2 Rac8 42. h7 Rc3 43. Ra1 Bd3 44. Bxd3 Rxd3 45. Ra6+ Kc7 46. Rc2+ Rc3 47.
Raa2 Rxh7 48. Rxc3+ bxc3 49. Kg3 Nf8 50. Rc2 Ng6 51. Rxc3+ Kd6 52. b4 Rh8 53.
Ra3 Rc8 54. Kg4 Rc7 55. b5 Rb7 56. Ra6+ Kc7 57. Rc6+ Kd7 58. Rc5 Rb8 59. Kg3
Ra8 60. b6 Rc8 61. Ra5 Rb8 62. Ra7+ Ke8 63. b7 Kd7 64. Kg4 Kc7 65. f5 exf5+ 66.
Kxf5 Rxb7 67. Ra5 Kc6 68. Ra6+ Kb5 69. Rd6 Kc4 70. Rd8 Kxd4 71. Rf8 Nxf8 0-1

[Event "28. Torneo San Viator 2017 - Torneo B"]
[Site "Madrid ESP"]
[Date "2017.04.09"]
[Round "3.5"]
[White "Sanchez Rivero, Miguel"]
[Black "Algaba Traspuesto, Jose Antoni"]
[Result "1/2-1/2"]
[WhiteElo "1475"]
[BlackElo "1568"]
[PlyCount "52"]
[EventDate "2017.03.26"]
[EventType "swiss"]
[EventRounds "9"]
[EventCountry "ESP"]
[SourceTitle "Ajedrez en Madrid"]
[Source "lmi"]
[SourceDate "2017.03.26"]

1. e4 e6 2. d4 d5 3. exd5 exd5 4. Nf3 Bd6 5. Bd3 Ne7 6. O-O Nbc6 7. c3 Bf5 8.
Bxf5 Nxf5 9. Re1+ Nfe7 10. b4 b5 11. Nbd2 O-O 12. Nb3 Re8 13. Qd3 a6 14. Nc5
Bxc5 15. dxc5 Ng6 16. Rxe8+ Qxe8 17. Bd2 Qd7 18. Re1 Nce7 19. Ne5 Nxe5 20. Rxe5
c6 21. f4 Ng6 22. Rg5 Re8 23. f5 Ne5 24. Qg3 f6 25. Rh5 Nc4 26. Qf4 Qe7 1/2-1/2

[Event "28. Torneo San Viator 2017 - Torneo B"]
[Site "Madrid ESP"]
[Date "2017.04.09"]
[Round "3.6"]
[White "Perez Gonzalez, Manuel"]
[Black "Rodriguez Coarasa, Carlos"]
[Result "1-0"]
[WhiteElo "1600"]
[BlackElo "1706"]
[PlyCount "23"]
[EventDate "2017.03.26"]
[EventType "swiss"]
[EventRounds "9"]
[EventCountry "ESP"]
[SourceTitle "Ajedrez en Madrid"]
[Source "lmi"]
[SourceDate "2017.03.26"]

1. e4 d5 2. exd5 Nf6 3. Nc3 Nxd5 4. Nxd5 Qxd5 5. Nf3 e5 6. b3 Nc6 7. Bc4 Qa5 8.
Ng5 Be6 9. Nxe6 fxe6 10. Bxe6 Nd4 11. Bh3 Bc5 12. c3 1-0

[Event "28. Torneo San Viator 2017 - Torneo B"]
[Site "Madrid ESP"]
[Date "2017.04.09"]
[Round "3.7"]
[White "Sanchez Rosado, Alberto"]
[Black "Calderon Martin, Antonio"]
[Result "0-1"]
[WhiteElo "1578"]
[BlackElo "1686"]
[PlyCount "146"]
[EventDate "2017.03.26"]
[EventType "swiss"]
[EventRounds "9"]
[EventCountry "ESP"]
[SourceTitle "Ajedrez en Madrid"]
[Source "lmi"]
[SourceDate "2017.03.26"]

1. e4 e5 2. Nf3 Nc6 3. Bb5 Bc5 4. Nc3 Nf6 5. h3 a6 6. Bc4 O-O 7. d3 b5 8. Bb3
b4 9. Ne2 h6 10. Ng3 d6 11. Ba4 Nd4 12. Nxd4 Bxd4 13. a3 a5 14. Bb5 Bd7 15.
Bxd7 Qxd7 16. axb4 axb4 17. Rb1 d5 18. O-O Rfd8 19. Bd2 Bc5 20. exd5 Qxd5 21.
Nf5 Qe6 22. Ng3 Qb6 23. Qe2 Bd6 24. c3 e4 25. Be3 Qb5 26. c4 Qb7 27. d4 Ra2 28.
c5 Bf8 29. Qc4 b3 30. c6 Qb8 31. Rfd1 Qb4 32. Qe2 Qb6 33. d5 Bc5 34. Bxc5 Qxc5
35. Nxe4 Nxe4 36. Qxe4 Qc2 37. Qd4 Re8 38. d6 Qxc6 39. d7 Rd8 40. Rbc1 Qb7 41.
Qe5 Raa8 42. Rxc7 Qb8 43. Qc3 Kh7 44. Rd4 Ra1+ 45. Kh2 Ra7 46. g3 Rxc7 47. Qd3+
Kg8 48. Qf5 Qa7 49. Rg4 Rcxd7 50. Qf6 g6 51. h4 Qxf2+ 52. Qxf2 Rd2 53. Qxd2
Rxd2+ 54. Kh3 Rxb2 55. Rb4 Rb1 56. Kg4 b2 57. Rb8+ Kg7 58. Rb7 Kf6 59. Rb6+ Ke5
60. Rb4 f5+ 61. Kf3 Rf1+ 62. Kg2 b1=Q 63. Rxb1 Rxb1 64. Kf3 Rb3+ 65. Kg2 Ke4
66. Kh3 f4 67. h5 Rxg3+ 68. Kh2 g5 69. Kh1 Kf3 70. Kh2 Kg4 71. Kh1 f3 72. Kh2
Rh3+ 73. Kg1 Kg3 0-1

[Event "28. Torneo San Viator 2017 - Torneo B"]
[Site "Madrid ESP"]
[Date "2017.04.09"]
[Round "3.8"]
[White "Garcia Martin, Javier"]
[Black "Corral Sanchez, Jesus"]
[Result "1/2-1/2"]
[WhiteElo "1664"]
[BlackElo "1573"]
[PlyCount "62"]
[EventDate "2017.03.26"]
[EventType "swiss"]
[EventRounds "9"]
[EventCountry "ESP"]
[SourceTitle "Ajedrez en Madrid"]
[Source "lmi"]
[SourceDate "2017.03.26"]

1. e4 Nf6 2. e5 Nd5 3. d4 d6 4. Nf3 Bg4 5. exd6 exd6 6. Be2 Be7 7. c4 Nf6 8.
Nc3 O-O 9. O-O Nbd7 10. h3 Bh5 11. Bf4 a6 12. Re1 Re8 13. Nd2 Bg6 14. Bf3 Rb8
15. Nde4 Nxe4 16. Bxe4 Bxe4 17. Nxe4 Nf6 18. Nc3 Qd7 19. Qf3 c6 20. d5 c5 21.
a4 h6 22. Re2 Bf8 23. Rae1 Rxe2 24. Rxe2 Re8 25. b3 Rxe2 26. Qxe2 Qe7 27. Qxe7
Bxe7 28. g4 Kf8 29. f3 Ke8 30. Ne4 Kd8 31. Kf2 Ne8 1/2-1/2

[Event "28. Torneo San Viator 2017 - Torneo B"]
[Site "Madrid ESP"]
[Date "2017.04.09"]
[Round "3.10"]
[White "Iriarte Gomez, Enrique"]
[Black "Aparicio Iriso, Miguel"]
[Result "0-1"]
[WhiteElo "1658"]
[BlackElo "1474"]
[PlyCount "72"]
[EventDate "2017.03.26"]
[EventType "swiss"]
[EventRounds "9"]
[EventCountry "ESP"]
[SourceTitle "Ajedrez en Madrid"]
[Source "lmi"]
[SourceDate "2017.03.26"]

1. d4 Nf6 2. Bg5 c5 3. Nc3 cxd4 4. Qxd4 Nc6 5. Qh4 Qb6 6. O-O-O h6 7. Bxf6 gxf6
8. e3 Rg8 9. Nh3 Qb4 10. Qxb4 Nxb4 11. Nf4 Kd8 12. Rg1 a6 13. a3 Nc6 14. Nfd5
Rb8 15. Nb6 d6 16. Nxc8 Rxc8 17. Nd5 Bg7 18. g3 Ne5 19. Bg2 f5 20. Nc3 Rc7 21.
Bd5 e6 22. Bg2 Ke7 23. h3 Nc4 24. Rd3 Rgc8 25. Nb1 Bxb2+ 26. Kd1 Bf6 27. Ke2 d5
28. Rc1 Nd6 29. Rb3 Rxc2+ 30. Rxc2 Rxc2+ 31. Kf1 Rb2 32. Rxb2 Bxb2 33. a4 Nc4
34. g4 fxg4 35. hxg4 Be5 36. f4 Nxe3+ 0-1

[Event "28. Torneo San Viator 2017 - Torneo B"]
[Site "Madrid ESP"]
[Date "2017.04.09"]
[Round "3.11"]
[White "Suarez Arellano, Jorge"]
[Black "Martinez Pintor, Juan"]
[Result "1-0"]
[WhiteElo "1573"]
[BlackElo "1657"]
[PlyCount "87"]
[EventDate "2017.03.26"]
[EventType "swiss"]
[EventRounds "9"]
[EventCountry "ESP"]
[SourceTitle "Ajedrez en Madrid"]
[Source "lmi"]
[SourceDate "2017.03.26"]

1. e4 e6 2. d4 d5 3. e5 c5 4. c3 Qb6 5. Nf3 Bd7 6. a3 Bb5 7. Bxb5+ Qxb5 8. b4
c4 9. O-O Ne7 10. a4 Qb6 11. Na3 Nbc6 12. a5 Qd8 13. Bg5 h6 14. Bh4 Qd7 15. Nc2
g5 16. Bg3 Nf5 17. Ne3 Nce7 18. Ng4 Ng8 19. Nf6+ Nxf6 20. exf6 Bd6 21. Bxd6
Nxd6 22. Ne5 Qd8 23. Qa4+ Kf8 24. Qc2 h5 25. f4 g4 26. f5 Nxf5 27. Rxf5 exf5
28. Qxf5 Qc8 29. Qg5 Rh7 30. Re1 Qc7 31. Qf5 Kg8 32. Nd7 Qd6 33. Re7 Rd8 34.
Qg5+ Kh8 35. Ne5 Rf8 36. Rd7 Qb8 37. Rxd5 Rd8 38. Nd7 Qc7 39. Qf5 Qc6 40. Re5
Rh6 41. Re7 Rh7 42. Ne5 Qc8 43. Nxf7+ Rxf7 44. Qxh5+ 1-0

[Event "28. Torneo San Viator 2017 - Torneo B"]
[Site "Madrid ESP"]
[Date "2017.04.09"]
[Round "3.12"]
[White "Sanchez Ortega, Ivan"]
[Black "Jimenez Gallego, Rafael"]
[Result "1-0"]
[WhiteElo "1657"]
[BlackElo "1433"]
[PlyCount "97"]
[EventDate "2017.03.26"]
[EventType "swiss"]
[EventRounds "9"]
[EventCountry "ESP"]
[SourceTitle "Ajedrez en Madrid"]
[Source "lmi"]
[SourceDate "2017.03.26"]

1. d4 d5 2. Nf3 e6 3. Bf4 Nc6 4. e3 a6 5. Be2 h6 6. O-O Nf6 7. h3 Bd6 8. Bxd6
Qxd6 9. c4 dxc4 10. Bxc4 b5 11. Bd3 Bb7 12. a3 e5 13. Nc3 Rd8 14. dxe5 Nxe5 15.
Be2 Qxd1 16. Raxd1 Rxd1 17. Rxd1 Nxf3+ 18. Bxf3 Bxf3 19. gxf3 O-O 20. Nd5 Nxd5
21. Rxd5 Rc8 22. f4 Kf8 23. Kg2 Ke7 24. Kf3 Ke6 25. e4 f6 26. Ke3 c6 27. f5+
Ke7 28. Rd1 c5 29. Rg1 Kf7 30. Rd1 Ke7 31. f4 c4 32. Kd2 a5 33. Kc3 Rb8 34. Rd5
Rb7 35. h4 h5 36. Kd4 Kf7 37. Kc5 Rc7+ 38. Kb6 Re7 39. Rd4 g6 40. fxg6+ Kxg6
41. Kxa5 Rc7 42. Kxb5 Rb7+ 43. Kxc4 Rxb2 44. a4 Rb8 45. a5 Rb1 46. Kc5 Rc1+ 47.
Kb5 Rb1+ 48. Rb4 Ra1 49. a6 1-0

[Event "28. Torneo San Viator 2017 - Torneo B"]
[Site "Madrid ESP"]
[Date "2017.04.09"]
[Round "3.13"]
[White "Martinell Gispert-Sauch, Jose M"]
[Black "Aldea Moreno, Marina"]
[Result "1-0"]
[WhiteElo "1629"]
[BlackElo "1427"]
[PlyCount "55"]
[EventDate "2017.03.26"]
[EventType "swiss"]
[EventRounds "9"]
[EventCountry "ESP"]
[SourceTitle "Ajedrez en Madrid"]
[Source "lmi"]
[SourceDate "2017.03.26"]

1. Nf3 d5 2. c4 Nf6 3. cxd5 Qxd5 4. Nc3 Qd8 5. e4 e6 6. Bc4 c5 7. O-O Be7 8. d3
h6 9. h3 O-O 10. Nh2 Nc6 11. f4 Nd4 12. a4 Ne8 13. Be3 b6 14. Ne2 Nc6 15. Nf3
Nc7 16. Rc1 Nb4 17. Ne5 Bb7 18. Nc3 a6 19. Na2 Nc6 20. Nxc6 Bxc6 21. Nc3 Qb8
22. f5 Qb7 23. f6 Bxf6 24. Rxf6 gxf6 25. Bxh6 f5 26. Qh5 f6 27. Qg6+ Kh8 28.
Qg7# 1-0